| 000 | 00929nam a2200277Ia 4500 | ||
|---|---|---|---|
| 001 | Para_1135 | ||
| 003 | CHAP | ||
| 008 | 220125s1996 xx 000 0 und d | ||
| 010 | _a199789 | ||
| 040 | _cCHAP | ||
| 090 | _aPA TESIS 1101 | ||
| 100 |
_aZapata Arredondo, Gregorio _9123632 |
||
| 245 |
_aInteracción del viroide "Planta Macho" del jitomate (Lycopersicon esculentum Mill), con su vector (Myzus persicae Suizer.) / _c por Gregorio Zapata Arredondo |
||
| 260 |
_aChapingo, Méx. : _b El autor |
||
| 300 | _a66 h. | ||
| 502 | _aTesis (M.C. en Protección Vegetal), UACh. Depto. Parasitología | ||
| 650 |
_aTomate _x enfermedades por virus _9113715 |
||
| 710 |
_aUACh. Departamento Parasitología Agrícola _9164025 |
||
| 901 | _aPA TESIS 1101 | ||
| 902 | _aA | ||
| 905 | _a0000001996 a 0000000000 00 | ||
| 910 | _a1996 | ||
| 942 | _cPARA | ||
| 942 |
_cPARA _d1 |
||
| 999 |
_c199789 _d199789 |
||